Word Ladder: Cerulean Dreams Quiz Stats

 Plays Quiz Updated May 14, 2017

Support Sporcle.
Go Orange.
Score 0/30 Timer 03:00
0 Plays Today
Hint 4-Letter Word % Correct
Tortoise racerHARE
96.9%
Female horseMARE
96.3%
River curveBEND
94.7%
Navy, pinto, or lima, e.g.BEAN
93.8%
Rosary unitBEAD
93.2%
‘I ___ a dream…’HAVE
92.5%
'The ties that ___'BIND
91.9%
♒ NOVEL OR DIARY ♒♒BOOK♒
89.4%
Crawford, Rivers, or MiróJOAN
87.7%
Skid, check, or hash, e.g.MARK
87.4%
♒ CELTICS LEGEND LARRY ♒♒BIRD♒
86.7%
♒ NICOLET, D'ARC, OR HARLOW ♒♒JEAN♒
86%
Of a lower temperatureCOLD
85.5%
'Nanu nanu' sayerMORK
83.4%
Diane Keaton film: 'First Wives ___'CLUB
82.7%
Hint 4-Letter Word % Correct
Church areaNAVE
81.6%
Swedish Chef commentBORK
79.8%
Film: 'Benny & ___'JOON
76.4%
Windfall or giftBOON
76.3%
Dorm residentCOED
75.2%
♒ McHALE'S ___♒NAVY♒
74.2%
Bible saying: '___ up your loins'GIRD
72.6%
Colonel Mustard's milieuCLUE
70%
'Standard' colorGOLD
69.2%
Beautify, superficiallyGILD
64.3%
♒ COMMON BOND ♒♒BLUE♒
64.3%
Street reliabilityCRED
63.3%
Crusty gunkCRUD
57.2%
A bait fishCHUB
47.2%
1984 sewer-horror B movieC.H.U.D.
39.3%

Today's Daily Dose

Missing Word
'Y-Z' Pairs

Quick Pick
MCU Directors

You're not logged in!

Compare scores with friends on all Sporcle quizzes.
OR
Log In
Forgot?

From the Vault

Which Soccer League?

by alinrotundu

We're not sure which league it is, but you can just kick a soccer ball around and see what happens.
Remove Ads.
Support Sporcle.
Get the best of Sporcle when you Go Orange. This ad-free experience offers more features, more stats, and more fun while also helping to support Sporcle. Thank you for becoming a member.

Show Comments

Extras

Top Quizzes Today


Score Distribution

Your Account Isn't Verified!

In order to create a playlist on Sporcle, you need to verify the email address you used during registration. Go to your Sporcle Settings to finish the process.

Report this User

Report this user for behavior that violates our Community Guidelines.

Details: